000 00597nam a22001937a 4500
999 _c17514
_d17514
008 190301b xxu||||| |||| 00| 0 eng d
020 _a0273779923
040 _aKABU
_cKABU
050 _aHB615
_b.B37 2013 c. 1
100 _aBarringer, Bruce R.
245 _aEntrepreneurship
_bsuccessfully launching new ventures
_cBruce R. Barringer, R. Duane Ireland
250 _a4th ed.
260 _aBoston
_bPearson Education Limited
_c2013
300 _a589 p.
650 _aEntrepreneurship
650 _aNew business enterprises
700 _aIreland, Duane R.
942 _2lcc
_cBK
_hHB615